| 000 | 00000nam 2200000zi 4500 |
| 001 | 9.944764 |
| 003 | CaOODSP |
| 005 | 20250716100245 |
| 006 | m o d f |
| 007 | cr cn||||||||| |
| 008 | 241101t20252025onca obs f000 0 fre d |
| 020 | |a9780660742977 |
| 040 | |aCaOODSP|bfre|erda|cCaOODSP |
| 043 | |an-cn--- |
| 086 | 1 |aCS11-633/2024-55F-PDF |
| 100 | 1 |aArim, Rubab, |eauteur. |
| 245 | 10|aIdentification des enfants ayant une incapacité dans l'Enquête sur les modes d'apprentissage et de garde des jeunes enfants : |bles enfants ayant un problème de santé de longue durée ou une incapacité / |cpar Rubab Arim, and Allison Leanage, Stacie Kerr and Leanne Findlay. |
| 264 | 1|a[Ottawa] : |bStatistique Canada = Statistics Canada, |c2025. |
| 264 | 4|c©2025 |
| 300 | |a1 ressource en ligne (38 pages) : |billustrations. |
| 336 | |atexte|btxt|2rdacontent/fre |
| 337 | |ainformatique|bc|2rdamedia/fre |
| 338 | |aressource en ligne|bcr|2rdacarrier/fre |
| 490 | 1 |aÉtudes analytiques : méthodes et références, |x2371-3437 ; |vn° 055 |
| 500 | |aPublié aussi en anglais sous le titre : Identification of children with disabilities in the Survey on Early Learning and Child Care Arrangements: children with long-term conditions and disabilities. |
| 500 | |a« Date de diffusion : le 23 janvier 2025. » |
| 504 | |aComprend des références bibliographiques (pages 35-38). |
| 520 | 3 |a« La présente étude, qui repose sur les données de l’Enquête sur les modes d’apprentissage et de garde des jeunes enfants — Les enfants ayant un problème de santé de longue durée ou une incapacité, a examiné et comparé quatre mesures qui ont permis d’évaluer les difficultés auxquelles sont confrontées les enfants, les problèmes de santé à long terme, les limitations des activités ou les incapacités, afin de mettre en lumière l’utilisation de services de garde fournis par une personne non apparentée chez les jeunes enfants ayant une incapacité à l’échelle nationale. Dans l’ensemble, les résultats ont démontré l’utilité d’intégrer les modèles médicaux et sociaux au moyen de multiples mesures de l’incapacité pour identifier les incapacités chez les enfants. Bien que les quatre mesures aient permis d’identifier de façon indépendante les enfants dont la santé générale et le besoin d’un soutien supplémentaire variaient selon leur mode de garde principal, l’utilisation des services de garde était en grande partie similaire pour l’ensemble des enfants » -- Résumé, page 5. |
| 650 | 6|aEnfants handicapés|zCanada|vStatistiques. |
| 650 | 6|aÉducation de la première enfance|zCanada|vStatistiques. |
| 650 | 6|aSanté publique|xEnquêtes|zCanada|vStatistiques. |
| 710 | 2 |aStatistique Canada, |eorganisme de publication. |
| 775 | 08|tIdentification of children with disabilities in the Survey on Early Learning and Child Care Arrangements : |w(CaOODSP)9.944763 |
| 830 | #0|aÉtudes analytiques : méthodes et références (Statistique Canada)|x2371-3437 ; |vn° 055.|w(CaOODSP)9.821680 |
| 856 | 40|qPDF|s925 Ko|uhttps://publications.gc.ca/collections/collection_2025/statcan/11-633-x/11-633-x2024006-fra.pdf |
| 856 | 4 |qHTML|sS.O.|uhttps://www150.statcan.gc.ca/n1/pub/11-633-x/11-633-x2024006-fra.htm |
| 986 | |a11-633-X No. 055 |